000 00481cab a2200181 4500
001 ##A390
008 090401t1984 xxu||||| |||| 00| 0 eng d
035 _a(Sirsi) u28927
041 0 _aeng
245 0 0 _aHigh tech valuation
260 _c1984
350 _a0
490 0 _aJournal of Valuation
_v(1984) 2 JV 209-210(2)
651 4 _aUnited Kingdom
_y
690 _aPROPERTY-COMMERCIAL PROPERTY-COMMERCIAL PROPERTY APPRAISAL AND VALUATION
942 _n0
948 _c04/03/1997
999 _c19461
_d19461